000 00436nam a2200181Ia 4500
001 25167
005 20260414151132.0
008 260414t2014||||xx |||||||||||||| ||spa||
041 _aESP
082 _a346.3
_bA32
100 _aAguilar Llanos, Benjamín
_eAUT
245 0 _aManual de derecho de sucesiones
_b
260 _c2014
300 _a573 páginas :
_c25 cm.
650 _aDER
654 _aCDE
942 _cLIB
_dJUS
_fJUS
_2ddc
_n
999 _c25167
_d25167